00246nam a22000617a 4500008004100000100001900041245012400060170708b xxu||||| |||| 00| 0 eng d aChumba Gladys  aRole of leadership in effective management of human resource: a case study of Kenya Pipeline Company KPC- Nakuru region